Left-Wingers by Picture #1 - Statistics

General Stats
  • This quiz has been taken 153 times
  • The average score is 11 of 15
Answer Stats
Picture Answer % Correct
Albert Einstein
98%
Karl Marx
98%
Martin Luther King
98%
Mao Zedong
97%
Vladimir Lenin
93%
Che Guevara
92%
Fidel Castro
90%
Bernie Sanders
87%
Joseph Stalin
82%
Jeremy Corbyn
58%
George Orwell
54%
Fredrich Engels
48%
Rosa Luxemburg
41%
Clement Attlee
33%
Emma Goldman
18%
No matching quizzes found
Score Distribution
Percent of People with Each Score
Percentile by Number Answered
Your Score History
You have not taken this quiz